Statistics for A-Z Mexico

Click here to take the quiz!

General Stats

  • This quiz has been taken 34 times
  • The average score is 12 of 26

Answer Stats

LetterHintAnswer% Correct
AThis tribe were a lot like the MayansAztecs
94%
CState of Mexico and a dog breedChihuahua
91%
BWrap with black beans, rice, chicken and a few other stuffBurrito
75%
FEvery time one of her children died, an Aztec woman would cut off one of her _______Fingers
72%
JPlace in the top middle of Mexico. Ciudad __________Juárez
72%
YState in the lower-right of MexicoYucatán
72%
XThird letter of the country this quiz is aboutX
66%
ZSecond letter of the answer to question #1Z
66%
TIngredients like jalapeños, cheese, meat and onions in a tortilla shellTacos
59%
IVictims of the Aztecs would be cut up and their _________ would be dragged around. ( Another name for guts)Intestines
56%
VIt is said in a legend, a planet lost Ian game to a god. What was the planets' name?Venus
53%
DThis Mexican man painted enormous muralsDiego Rivera
47%
MTraditional Mexican bandMariachi
47%
QAztec GodQuetzalcoatl
47%
HThe Mexican priests wore their ____ down to their feetHair
44%
OThe name of this tribe means "The Rubber People"Olmecs
41%
WAncestor of dogs. Mexican typeWolf
38%
UOne of the king's slaves. Keeper of the _________. (Toilets for males to urinate in.)Urinal
34%
RType of Mexican spider. Mexican ___-Kneed TarantulaRed
25%
LHernan Cortés had a strict rule that said his men must not steal from defeated tribes. This was called what?Looting
16%
SType of rice pudding dessertSago
13%
NThis Aztec King had 2,000 wives and 144 childrenNezahualpilli
9%
GCoatlicue, an Aztec goddess, wore a necklace made of __________Guts
6%
KOne of Mexico's main languages other than SpanishKechua
6%
PViolent game the Aztecs lovePok-a-Tok
6%
EReserve near MexicaliEl Pinacate Biosphere Reserve
0%

Score Distribution

Percentile by Number Answered

Percent of People with Each Score

Your Score History

You have not taken this quiz